000
00334nam a2200145Ia 4500
008
191201s2010 xx 000 0 und d
082
_a
658.069
_b
GAB
100
_a
GAVAI,A.K
245
0
_a
Business Ethiics
250
_a
Rep
260
_a
N.Delhi
_b
Himala Publication House
_c
2010
300
_a
193
650
_a
MBA
942
_2
ddc
_c
BK
999
_c
4285
_d
4285